Truyện cổ Andersen

সংরক্ষণ করুন:
গ্রন্থ-পঞ্জীর বিবরন
প্রধান লেখক: Andersen, Hans Christian
বিন্যাস: গ্রন্থ
ভাষা:Undetermined
প্রকাশিত: Thành phố Hồ Chí Minh Văn hoá thông tin 2019
বিষয়গুলি:
ট্যাগগুলো: ট্যাগ যুক্ত করুন
কোনো ট্যাগ নেই, প্রথমজন হিসাবে ট্যাগ করুন!
Thư viện lưu trữ: Trung tâm Học liệu Trường Đại học Cần Thơ
LEADER 00658nam a2200193Ia 4500
001 CTU_232395
008 210402s9999 xx 000 0 und d
020 |c 135000 
082 |a 398.209489 
082 |b A544 
100 |a Andersen, Hans Christian 
245 0 |a Truyện cổ Andersen 
245 0 |c Hans Christian Andersen ; Mạnh Chương (dịch) 
260 |a Thành phố Hồ Chí Minh 
260 |b Văn hoá thông tin 
260 |c 2019 
650 |a Children's literature, Danish,Fairy tales,Văn học trẻ em Đan Mạch,Chuyện cổ tích 
904 |i Qhieu 
980 |a Trung tâm Học liệu Trường Đại học Cần Thơ